| 000 | 01488nam a2200313 c 4500 | ||
|---|---|---|---|
| 003 | BLK | ||
| 005 | 20180420220256.0 | ||
| 008 | 180407b bul|||||r ||||||| ||bul|| | ||
| 010 | _aKNG00031711000 | ||
| 020 |
_a954-07-0857-5 _bиздат.: Унив. изд. Св. Климент Охридски |
||
| 040 | _aBLK | ||
| 041 |
_aBUL _cBUL |
||
| 080 |
_aГражданско съдопроизводство. Граждански процес. - Видове гражданско съдопроизводство:арбитражна, опростени процедури за по-дребни случаи, формалности при съдебна процедура, разследване, доказване _b347.91/.95 _x _z347.91/.95 |
||
| 100 | 1 |
_aМингова, Анелия _eпърви автор _9269214 |
|
| 139 |
_aМингова, Анелия _bМ 62 |
||
| 245 | 1 | 0 |
_aОтказът от иск _cАнелия Мингова. |
| 257 | _aBGR | ||
| 260 |
_аСофия _bУнив. изд. Св. Климент Охридски _c1995 |
||
| 300 |
_a255 с. _c20 см |
||
| 380 | _a3 | ||
| 500 | _aДеп. списък: покупка | ||
| 650 | 4 |
_aСъдопроизводство, гражданско - България _9248873 |
|
| 653 | _aгражданско съдопроизводство | ||
| 852 | _aЦб 189687 | ||
| 856 | 4 |
_qpdf _u |
|
| 856 | 4 |
_qpdf _u |
|
| 942 |
_cKNG _n0 |
||
| 944 |
_aCR _c15.01.2003 _kКети_Илиева |
||
| 944 |
_aED _c27.08.2015 _kВаля_Йорданова |
||
| 999 |
_c29101 _d29101 |
||